| 000 | 01313nam a2200313 i 4500 | ||
|---|---|---|---|
| 003 | DO-SdBNP | ||
| 005 | 20250530102342.0 | ||
| 007 | ta | ||
| 008 | 250530b2024 dr ||||| |||| 00| 0 spa d | ||
| 020 | _a9789945639414 | ||
| 040 |
_aDO-SdBNP _bspa _cBNPHU _erda |
||
| 041 | _aspa | ||
| 082 | 4 |
_axxx _bM358e _222 |
|
| 100 | 1 |
_aMarrero de Munné, Melba, _d1911-1962 _eautor _4aut. _942945 |
|
| 245 | 1 | 4 |
_aEva en extremaunción / _bMelba Marrero de Munné ; prólogo de Sabrina Román. |
| 250 | _aPrimera edición | ||
| 264 | 4 |
_aSanto Domingo, República Dominicana : _bInstituto Superior de Formación Docente Salomé Ureña (ISFODOSU), _c©2024. |
|
| 300 |
_a82 páginas ; _c23 cm |
||
| 336 |
_atexto _btxt _2rdacontent |
||
| 337 |
_asin mediación _bn _2rdamedia |
||
| 338 |
_avolumen _bnc _2rdacarrier |
||
| 490 | 0 | _aClásicos Dominicanos. Serie III. Poesía | |
| 500 | _aIncluye datos biográficos de la autora en la paginas 81-82 | ||
| 505 | _aPresentación 9 -- Prólogo 11 -- Poema I 28 -- Poema II 30 -- Poema III 46 -- Poema IV 55 -- Poema V 56 -- Poema VI 58 -- Poema VII 62 -- Poema VIII 64 -- Poema IX 70 -- Poema X 75 -- Biografía de Melba Marrero de Munné 81 | ||
| 590 | _aInventariado, 2025 /LP | ||
| 700 | 1 |
_aRomán, Sabrina, _eprologuista _4pr. _926158 |
|
| 910 | _aLP | ||
| 942 |
_2ddc _cLBS1 |
||
| 999 |
_c58514 _d58514 |
||